Leader xxxxxxxxxx
001 __ PCLIS00035507
005 __ 20220222161229.0
010 0_ |a986-133-085-2|b精裝|dNT$299
100 __ |a20051007d2005 m y0chiy09 e
101 0_ |achi
102 __ |atw
105 __ |aag z 000cy
200 1_ |a天天有智慧|dWisdom at All Times|f光禹作
205 __ |a典藏版
210 __ |a臺北市|c圓神出版|c叩應總經銷|d2005[民94]
215 0_ |a[8],251,[6]面|c圖,摺頁樂譜|d22公分|e1 CD
225 1_ |a光禹系列精裝典藏版|v003
225 1_ |a光禹系列|v3
300 __ |a本館館藏典藏版序號為第09741號
510 1_ |aWisdom at All Times|zeng
681 __ |a855|b865
681 __ |a855|b9020 88
700 _0 |a光禹|4作
801 _0 |atw|b內湖高中|c20051007|gCCR
|